| 000 | 01293 a2200217 4500 | ||
|---|---|---|---|
| 001 | 25237 | ||
| 005 | 20260407155536.0 | ||
| 008 | 260407a1990 arg spa d | ||
| 003 | AR-UNSa-BCEJYS | ||
| 040 |
_aAR-UNSa-BCEJYS _bspa _cAR-UNSa-BCEJYS |
||
| 080 |
_a366.5 _xProtección del consumidor. Distintos tipos de asociaciones de consumidores |
||
| 245 | 1 | 0 | _aProtección jurídica del consumidor |
| 020 | _a950-14-0559-1 | ||
| 250 | _a2a. ed | ||
| 264 | 1 |
_aBuenos Aires : _bDepalma _c1990 |
|
| 300 |
_a177 p. _c23 cm. |
||
| 505 | _aParte I : Aspectos de la tutela del consumidor(su regulación en el derecho europeo): 1. La atención de la parte débil, en la regulación comunitaria de las relaciones creditorias - 2. Derechos a la salud, seguridad y resarcimiento de los daños - 3. Derecho a la protección de los interéses económicos - 4. Hacia el fortalecimiento de la posición del consumidor en las relaciones personales - Parte II : La protección del consumidor en el derecho argentino (sistema jurídico actual y perspectivas de una legislación especial): 1. Introducción - 2. Sistema jurídico actual - 3. Persepctivas de una legislación especial - 4. Conclusiones - Apéndice. | ||
| 942 | _cBK | ||
| 590 | _aniveau_biblio:m niveau_hierar:0 | ||
| 100 | 1 | _aStiglitz, Gabriel | |
| 999 |
_c1344 _d1344 |
||